| 000 | 00000nam##2200000za#4500 |
| 001 | 9.644200 |
| 003 | CaOODSP |
| 005 | 20250506145324 |
| 007 | cr ||||||||||| |
| 008 | 150407|1983||||xxc|||||o f|0| 0 fre|d |
| 040 | |aCaOODSP|bfre |
| 043 | |an-cn--- |
| 086 | 1 |aA53-1754-1983F-PDF |
| 110 | 1 |aCanada.|bAgriculture Canada. |
| 245 | 10|aLes fleurs vivaces de votre jardin / |h[ressource électronique]|c[par] Trevor J. Cole. |
| 260 | |aOttawa - Ontario : |bAgriculture Canada |cc1983. |
| 300 | |a84p.|bill. en couleur, figures, tableaux |
| 500 | |aPublication historique numérisée par Agriculture et Agroalimentaire Canada. « Cette brochure remplace les publications 968. Description brève de fleurs vivaces herbacées pour les jardins canadiens, et 970. La culture des fleurs vivaces herbacées, par R.W. Oliver. » |
| 590 | |a15-02-Supp|b2015-02-16 |
| 720 | 1 |aCole, T. J. |
| 775 | 08|tPerennials in your garden / |w(CaOODSP)9.700304 |
| 856 | 40|ahttp://publications.gc.ca|qPDF|s6203 Ko|uhttps://publications.gc.ca/collections/collection_2015/aac-aafc/A53-1754-1983-fra.pdf |
| 986 | |aPublication 1754/F |